[Event "Magistral Internacional CXG 2007"]
[Site "Rio de Janeiro BRA"]
[Date "2007.09.05"]
[Round "1.1"]
[White "Kubrusly, Jose Cristovam S."]
[Black "Hernandez, Gustavo"]
[Result "1/2-1/2"]
[WhiteElo "2247"]
[BlackElo "2370"]
[PlyCount "40"]
[EventDate "2007.09.05"]
[EventType "tourn"]
[EventRounds "1"]
[EventCountry "BRA"]
[EventCategory "2"]
[Source "lmi"]
[SourceDate "2007.09.06"]

1. Nf3 Nf6 2. c4 e6 3. d4 Bb4+ 4. Bd2 Qe7 5. g3 O-O 6. Bg2 Bxd2+ 7. Qxd2 d6 8.
Nc3 e5 9. e4 Bg4 10. d5 a5 11. O-O Na6 12. Ne1 Nc5 13. Nc2 c6 14. Ne3 Rfe8 15.
f3 Bc8 16. Rfd1 Rd8 17. Rac1 g6 18. Rf1 Bd7 19. Rce1 Re8 20. Rd1 Rad8 1/2-1/2

[Event "Magistral Internacional CXG 2007"]
[Site "Rio de Janeiro BRA"]
[Date "2007.09.05"]
[Round "1.3"]
[White "Rodi, Luis Ernesto"]
[Black "Maia, Marco Aurelio Ferre"]
[Result "1-0"]
[WhiteElo "2311"]
[BlackElo "2140"]
[PlyCount "133"]
[EventDate "2007.09.05"]
[EventType "tourn"]
[EventRounds "1"]
[EventCountry "BRA"]
[EventCategory "2"]
[Source "lmi"]
[SourceDate "2007.09.06"]

1. e4 c6 2. Nc3 d5 3. Nf3 Bg4 4. h3 Bxf3 5. Qxf3 Nf6 6. d3 e6 7. Bd2 Nbd7 8. g4
h6 9. h4 Ne5 10. Qg3 Ng6 11. e5 Nd7 12. h5 Ne7 13. O-O-O Qc7 14. f4 a6 15. Bh3
O-O-O 16. d4 c5 17. Ne2 Nc6 18. Be3 cxd4 19. Nxd4 Nxd4 20. Bxd4 Bc5 21. Kb1
Bxd4 22. Rxd4 Kb8 23. Rc1 Rc8 24. Bf1 Qc5 25. Qd3 Nb6 26. Qd2 Rc7 27. c3 Qe7
28. Rb4 Ka7 29. Be2 Rhc8 30. Rd4 Nc4 31. Bxc4 Rxc4 32. Qe3 Kb8 33. Rcd1 R8c6
34. f5 b5 35. a3 a5 36. Rxc4 bxc4 37. Rf1 Qc5 38. Qxc5 Rxc5 39. f6 gxf6 40.
Rxf6 Rc8 41. Rxf7 Rg8 42. Rf6 Rxg4 43. Rxe6 Rg5 44. Rxh6 Rxe5 45. Rh7 Re1+ 46.
Kc2 Re2+ 47. Kc1 Rh2 48. h6 Ka8 49. Rd7 Rh1+ 50. Kc2 Rh2+ 51. Kb1 Rh1+ 52. Ka2
Rxh6 53. Rxd5 Rc6 54. Rxa5+ Kb7 55. Rb5+ Ka7 56. a4 Rc8 57. Ka3 Ka6 58. Kb4 Rc7
59. Ka3 Rc8 60. Ka2 Rc7 61. Rb4 Ka5 62. Kb1 Rc8 63. Kc2 Rc7 64. Kd2 Rd7+ 65.
Ke2 Re7+ 66. Kf3 Rh7 67. Rxc4 1-0

[Event "Magistral Internacional CXG 2007"]
[Site "Rio de Janeiro BRA"]
[Date "2007.09.05"]
[Round "1.4"]
[White "Lima, Darcy"]
[Black "Brunner, Alfonso"]
[Result "1-0"]
[WhiteElo "2463"]
[BlackElo "2096"]
[PlyCount "61"]
[EventDate "2007.09.05"]
[EventType "tourn"]
[EventRounds "1"]
[EventCountry "BRA"]
[EventCategory "2"]
[Source "lmi"]
[SourceDate "2007.09.06"]

1. Nf3 Nf6 2. d4 g6 3. c4 Bg7 4. Nc3 d5 5. Bg5 Ne4 6. cxd5 Nxg5 7. Nxg5 e6 8.
Qd2 exd5 9. Qe3+ Kf8 10. Qf4 Bf6 11. h4 c6 12. e4 h6 13. Nf3 Be6 14. e5 Be7 15.
Bd3 Kg7 16. Ne2 Nd7 17. Qg3 Bb4+ 18. Kf1 Be7 19. h5 g5 20. Nh4 Kf8 21. Nf5 Bxf5
22. Bxf5 Ke8 23. Qg4 Nf8 24. Rh3 f6 25. f4 Kf7 26. fxg5 fxg5 27. Kg1 Kg7 28.
Rf1 Rg8 29. Be6 Nxe6 30. Qxe6 Qe8 31. Ng3 1-0

[Event "Magistral Internacional CXG 2007"]
[Site "Rio de Janeiro BRA"]
[Date "2007.09.05"]
[Round "1.5"]
[White "Chauca, Jose Luis Murga"]
[Black "Miranda, Marcio Marcos do Ca"]
[Result "1/2-1/2"]
[WhiteElo "2133"]
[BlackElo "2294"]
[PlyCount "60"]
[EventDate "2007.09.05"]
[EventType "tourn"]
[EventRounds "1"]
[EventCountry "BRA"]
[EventCategory "2"]
[Source "lmi"]
[SourceDate "2007.09.06"]

1. e4 c5 2. Nf3 e6 3. d4 cxd4 4. Nxd4 Nc6 5. Nb5 d6 6. c4 a6 7. Nd4 Nf6 8. Nc3
Be7 9. Be2 O-O 10. O-O Bd7 11. Be3 Rc8 12. Rc1 Kh8 13. h3 Be8 14. f4 Nxd4 15.
Bxd4 Bc6 16. Bf3 b5 17. e5 dxe5 18. fxe5 Bxf3 19. Rxf3 Ng8 20. cxb5 axb5 21.
Nxb5 Rxc1 22. Qxc1 Qd5 23. a4 Nh6 24. Qc7 Bb4 25. b3 Nf5 26. Bf2 Qd1+ 27. Kh2
Qd8 28. Kg1 Qd1+ 29. Kh2 Qd5 30. Kg1 Qd1+ 1/2-1/2

[Event "Magistral Internacional CXG 2007"]
[Site "Rio de Janeiro BRA"]
[Date "2007.09.06"]
[Round "2.2"]
[White "Brunner, Alfonso"]
[Black "Chauca, Jose Luis Murga"]
[Result "1/2-1/2"]
[WhiteElo "2096"]
[BlackElo "2133"]
[PlyCount "101"]
[EventDate "2007.09.05"]
[EventType "tourn"]
[EventRounds "1"]
[EventCountry "BRA"]
[EventCategory "2"]
[Source "lmi"]
[SourceDate "2007.09.06"]

1. e4 c5 2. Nf3 e6 3. d4 cxd4 4. Nxd4 a6 5. c4 Nf6 6. Nc3 Bb4 7. Bd2 Bxc3 8.
Bxc3 Nxe4 9. Qg4 Nxc3 10. Qxg7 Rf8 11. bxc3 Qa5 12. Nb3 Qf5 13. Be2 Nc6 14. O-O
Qg6 15. Qxg6 hxg6 16. c5 Ke7 17. Nd2 d5 18. cxd6+ Kxd6 19. Rfd1 Kc7 20. Ne4 f5
21. Nd6 Rd8 22. Nxc8 Raxc8 23. f4 e5 24. fxe5 Nxe5 25. Rxd8 Rxd8 26. Rd1 Re8
27. Kf2 Re6 28. Bf3 Rb6 29. Rd2 Rb1 30. Re2 Kd6 31. Rd2+ Kc7 32. Bd5 Ng4+ 33.
Kg3 Ne3 34. Kf4 Nxd5+ 35. Rxd5 Rb2 36. Kf3 Rxa2 37. h4 Ra4 38. h5 gxh5 39. Rxf5
Rc4 40. Rxh5 Rxc3+ 41. Ke4 b5 42. g4 Rc4+ 43. Kf3 b4 44. g5 Kb6 45. g6 Rc8 46.
g7 Rg8 47. Rg5 b3 48. Ke3 a5 49. Kd3 a4 50. Kc3 Kc6 51. Kb2 1/2-1/2

[Event "Magistral Internacional CXG 2007"]
[Site "Rio de Janeiro BRA"]
[Date "2007.09.06"]
[Round "2.3"]
[White "Maia, Marco Aurelio Ferre"]
[Black "Lima, Darcy"]
[Result "0-1"]
[WhiteElo "2140"]
[BlackElo "2463"]
[PlyCount "68"]
[EventDate "2007.09.05"]
[EventType "tourn"]
[EventRounds "1"]
[EventCountry "BRA"]
[EventCategory "2"]
[Source "lmi"]
[SourceDate "2007.09.06"]

1. d4 Nf6 2. c4 c5 3. d5 e5 4. Nc3 d6 5. e4 Nbd7 6. Be2 Be7 7. Be3 Nf8 8. h3 h5
9. Qd2 Ng6 10. Nf3 h4 11. O-O-O Nh5 12. Ne1 a6 13. Kb1 Nhf4 14. Bg4 Rb8 15. a4
Bd7 16. Bxd7+ Qxd7 17. Qc2 Bd8 18. Rg1 Ba5 19. Nd3 Bxc3 20. Bxf4 Bd4 21. Be3
Bxe3 22. fxe3 b5 23. axb5 axb5 24. Rgf1 Ne7 25. Qc3 Rh5 26. Rf2 Ng8 27. cxb5
Qxb5 28. Rf5 Rxf5 29. exf5 Nf6 30. Nxe5 dxe5 31. Qxe5+ Kd7 32. d6 Re8 33. Qf4
Qb4 34. Qf1 Qe4+ 0-1

[Event "Magistral Internacional CXG 2007"]
[Site "Rio de Janeiro BRA"]
[Date "2007.09.06"]
[Round "2.4"]
[White "Fernando, Diogo"]
[Black "Rodi, Luis Ernesto"]
[Result "1-0"]
[WhiteElo "2438"]
[BlackElo "2311"]
[PlyCount "73"]
[EventDate "2007.09.05"]
[EventType "tourn"]
[EventRounds "1"]
[EventCountry "BRA"]
[EventCategory "2"]
[Source "lmi"]
[SourceDate "2007.09.06"]

1. e4 e6 2. d4 d5 3. e5 c5 4. c3 Nc6 5. Nf3 Bd7 6. Be2 Nge7 7. Na3 Ng6 8. h4
cxd4 9. cxd4 Bb4+ 10. Kf1 h6 11. h5 Nf8 12. Rh4 Nh7 13. Rg4 Kf8 14. Nc2 Be7 15.
Rg3 Ng5 16. Nxg5 hxg5 17. Kg1 f5 18. exf6 gxf6 19. f4 Qc7 20. Qf1 f5 21. fxg5
Bd6 22. Rh3 Ke7 23. g6 Rag8 24. Bg5+ Ke8 25. h6 Rxg6 26. Bh5 Kf7 27. Qe2 Bc8
28. Rf1 Ne7 29. Ne3 Nc6 30. Bxg6+ Kxg6 31. Qh5+ Kh7 32. Ng4 Rf8 33. Nf6+ Kh8
34. Ne8 Qd7 35. Nxd6 Qxd6 36. Qg6 Qc7 37. Qg7+ 1-0

[Event "Magistral Internacional CXG 2007"]
[Site "Rio de Janeiro BRA"]
[Date "2007.09.08"]
[Round "3.2"]
[White "Rodi, Luis Ernesto"]
[Black "Kubrusly, Jose Cristovam S."]
[Result "1-0"]
[WhiteElo "2311"]
[BlackElo "2247"]
[PlyCount "99"]
[EventDate "2007.09.05"]
[EventType "tourn"]
[EventRounds "1"]
[EventCountry "BRA"]
[EventCategory "2"]
[Source "lmi"]
[SourceDate "2007.09.06"]

1. f4 d5 2. Nf3 Nf6 3. g3 Bg4 4. Bg2 Nbd7 5. d4 e6 6. Be3 c5 7. c3 Qb6 8. Qb3
Qc7 9. Nbd2 c4 10. Qa4 a6 11. h3 b5 12. Qd1 Bf5 13. g4 Bg6 14. Ne5 Nxe5 15.
dxe5 Nd7 16. Bd4 Bc5 17. e3 Bd3 18. Nf3 O-O 19. b4 Bb6 20. a4 a5 21. axb5 axb4
22. cxb4 Qb7 23. Kf2 Rxa1 24. Qxa1 Ra8 25. Qb2 Be4 26. Ra1 Rxa1 27. Qxa1 Bxf3
28. Bxf3 Bxd4 29. exd4 Qb6 30. Ke3 g5 31. Qa8+ Kg7 32. f5 exf5 33. gxf5 Nxe5
34. Qxd5 Nxf3 35. Kxf3 c3 36. Qe5+ Kg8 37. f6 Qb7+ 38. Ke3 h6 39. Kd3 Qc8 40.
Kc2 Qc4 41. b6 Qa2+ 42. Kxc3 Qa3+ 43. Kc4 Qa6+ 44. Kc5 Qc8+ 45. Kb5 Qd7+ 46.
Ka5 Qd8 47. d5 Qa8+ 48. Kb5 Qb7 49. Qe8+ Kh7 50. Qc6 1-0

[Event "Magistral Internacional CXG 2007"]
[Site "Rio de Janeiro BRA"]
[Date "2007.09.08"]
[Round "3.3"]
[White "Lima, Darcy"]
[Black "Fernando, Diogo"]
[Result "1-0"]
[WhiteElo "2463"]
[BlackElo "2438"]
[PlyCount "117"]
[EventDate "2007.09.05"]
[EventType "tourn"]
[EventRounds "1"]
[EventCountry "BRA"]
[EventCategory "2"]
[Source "lmi"]
[SourceDate "2007.09.06"]

1. e4 c5 2. Nf3 d6 3. c3 Nf6 4. Be2 Bd7 5. d3 g6 6. Nbd2 Bg7 7. O-O O-O 8. d4
cxd4 9. cxd4 Nc6 10. Re1 Bg4 11. d5 Nb4 12. a3 Na6 13. Nb3 Bd7 14. Qd3 Rc8 15.
Be3 Ng4 16. Bd4 Bxd4 17. Qxd4 Qb6 18. Qxb6 axb6 19. Nbd4 Nc5 20. Nd2 Ne5 21.
Bf1 Ncd3 22. Reb1 f5 23. b3 fxe4 24. Nxe4 Rf4 25. f3 Nc5 26. Ne2 Rff8 27. Nd2
Bf5 28. Rc1 Ncd3 29. Rxc8 Rxc8 30. f4 Ng4 31. Nc4 b5 32. Nb6 Rc7 33. Nd4 Rc3
34. Nxb5 Rxb3 35. Nd4 Rc3 36. Na4 Rc1 37. Rxc1 Nxc1 38. Nxf5 gxf5 39. Bb5 Kf7
40. g3 Nb3 41. h3 Nf6 42. Nc3 Nc5 43. Kf2 Nfe4+ 44. Nxe4 Nxe4+ 45. Kf3 Nc5 46.
g4 fxg4+ 47. hxg4 h6 48. Ke3 Kf6 49. Kd4 Nb3+ 50. Ke4 Nc5+ 51. Ke3 Kf7 52. Bc4
Kf6 53. Kd4 Kg6 54. Be2 Kf6 55. Bf3 Nd7 56. Kc4 Nc5 57. Kb5 Nd7 58. a4 Kf7 59.
a5 1-0

[Event "Magistral Internacional CXG 2007"]
[Site "Rio de Janeiro BRA"]
[Date "2007.09.07"]
[Round "3.5"]
[White "Miranda, Marcio Marcos do Ca"]
[Black "Brunner, Alfonso"]
[Result "1/2-1/2"]
[WhiteElo "2294"]
[BlackElo "2096"]
[PlyCount "20"]
[EventDate "2007.09.05"]
[EventType "tourn"]
[EventRounds "1"]
[EventCountry "BRA"]
[EventCategory "2"]
[Source "lmi"]
[SourceDate "2007.09.06"]

1. e4 e6 2. d4 d5 3. Nc3 Bb4 4. e5 c5 5. a3 Bxc3+ 6. bxc3 Ne7 7. Qg4 O-O 8. Bd3
Nbc6 9. Qh5 Ng6 10. Nf3 Qc7 1/2-1/2

[Event "Magistral Internacional CXG 2007"]
[Site "Rio de Janeiro BRA"]
[Date "2007.09.10"]
[Round "4.1"]
[White "Hernandez, Gustavo"]
[Black "Brunner, Alfonso"]
[Result "1-0"]
[WhiteElo "2370"]
[BlackElo "2096"]
[PlyCount "117"]
[EventDate "2007.09.05"]
[EventType "tourn"]
[EventRounds "1"]
[EventCountry "BRA"]
[EventCategory "2"]
[Source "lmi"]
[SourceDate "2007.09.06"]

1. Nf3 Nf6 2. c4 c5 3. d4 e6 4. Nc3 d5 5. cxd5 Nxd5 6. e4 Nxc3 7. bxc3 cxd4 8.
cxd4 Bb4+ 9. Bd2 Qa5 10. Bc4 Nc6 11. d5 Bxd2+ 12. Nxd2 exd5 13. exd5 Nd4 14.
O-O O-O 15. Ne4 b5 16. Qxd4 bxc4 17. Rfc1 Ba6 18. Qc5 Qd8 19. Nd6 Qb6 20. Qxb6
axb6 21. Rab1 b5 22. Ne4 Rfd8 23. Nc3 Rab8 24. Rb4 Rb7 25. f3 Kf8 26. Kf2 Re7
27. Ra1 Red7 28. Rd1 f5 29. Ke3 Re8+ 30. Kd4 Rde7 31. a4 bxa4 32. Rxa4 Bb7 33.
Rxc4 Ba6 34. Ra4 Bb7 35. Rb1 Rd8 36. Rab4 Bc6 37. Rb8 Red7 38. Rxd8+ Rxd8 39.
Ke5 Bd7 40. Rb7 Re8+ 41. Kd6 Bc8 42. Rb8 Kf7 43. Na4 Rd8+ 44. Kc5 Ke7 45. Nb6
Ba6 46. Rxd8 Kxd8 47. f4 Bb7 48. Kd6 g6 49. Nc4 Bc8 50. Ne5 Ke8 51. Kc7 Ba6 52.
d6 Bb5 53. d7+ Bxd7 54. Nxd7 Ke7 55. Nc5 Kf6 56. Kd6 g5 57. g3 h5 58. Nd7+ Kg6
59. h4 1-0

[Event "Magistral Internacional CXG 2007"]
[Site "Rio de Janeiro BRA"]
[Date "2007.09.08"]
[Round "4.2"]
[White "Maia, Marco Aurelio Ferre"]
[Black "Miranda, Marcio Marcos do Ca"]
[Result "1/2-1/2"]
[WhiteElo "2140"]
[BlackElo "2294"]
[PlyCount "34"]
[EventDate "2007.09.05"]
[EventType "tourn"]
[EventRounds "1"]
[EventCountry "BRA"]
[EventCategory "2"]
[Source "lmi"]
[SourceDate "2007.09.06"]

1. e4 c5 2. Nf3 d6 3. Bb5+ Bd7 4. Bxd7+ Qxd7 5. O-O Nc6 6. c3 Nf6 7. Re1 e6 8.
d4 cxd4 9. cxd4 d5 10. e5 Ne4 11. Nbd2 Nxd2 12. Bxd2 Be7 13. Rc1 O-O 14. Qb3
Rfc8 15. Rc2 Rc7 16. Rec1 Rac8 17. Qd3 Nd8 1/2-1/2

[Event "Magistral Internacional CXG 2007"]
[Site "Rio de Janeiro BRA"]
[Date "2007.09.10"]
[Round "4.3"]
[White "Fernando, Diogo"]
[Black "Chauca, Jose Luis Murga"]
[Result "1-0"]
[WhiteElo "2438"]
[BlackElo "2133"]
[PlyCount "57"]
[EventDate "2007.09.05"]
[EventType "tourn"]
[EventRounds "1"]
[EventCountry "BRA"]
[EventCategory "2"]
[Source "lmi"]
[SourceDate "2007.09.06"]

1. e4 c5 2. Nf3 e6 3. Nc3 a6 4. d4 cxd4 5. Nxd4 Qc7 6. Bd3 Nf6 7. f4 d6 8. Qf3
b5 9. g4 Bb7 10. Be3 Nc6 11. g5 Nd7 12. O-O-O b4 13. Nce2 Nc5 14. Kb1 d5 15. e5
g6 16. h4 O-O-O 17. h5 Be7 18. Qf2 Nxd4 19. Bxd4 Kb8 20. Nc1 Rc8 21. Nb3 Nxd3
22. cxd3 Qd7 23. Bc5 Bxc5 24. Nxc5 Qb5 25. d4 Bc6 26. Rh3 Rhd8 27. Qd2 Ka7 28.
hxg6 hxg6 29. Rh7 1-0

[Event "Magistral Internacional CXG 2007"]
[Site "Rio de Janeiro BRA"]
[Date "2007.09.10"]
[Round "4.4"]
[White "Kubrusly, Jose Cristovam S."]
[Black "Lima, Darcy"]
[Result "0-1"]
[WhiteElo "2247"]
[BlackElo "2463"]
[PlyCount "134"]
[EventDate "2007.09.05"]
[EventType "tourn"]
[EventRounds "1"]
[EventCountry "BRA"]
[EventCategory "2"]
[Source "lmi"]
[SourceDate "2007.09.06"]

1. Nf3 Nf6 2. c4 e6 3. b3 Be7 4. Bb2 O-O 5. e3 b6 6. Be2 Bb7 7. O-O d5 8. Nc3
dxc4 9. bxc4 c5 10. d4 cxd4 11. exd4 Nc6 12. Rc1 Rc8 13. d5 exd5 14. Nxd5 Na5
15. Nxe7+ Qxe7 16. Re1 Rfd8 17. Qa4 Bc6 18. Qc2 Qe4 19. Qc3 Bd5 20. Bf1 Qf4 21.
Ne5 Be6 22. Rc2 Nc6 23. g3 Qh6 24. Nxc6 Rxc6 25. Qa3 a5 26. Bg2 Rxc4 27. Rxc4
Bxc4 28. Qe7 Qd2 29. Bc1 Qd6 30. Qxd6 Rxd6 31. Bf4 Re6 32. Rxe6 fxe6 33. a3 Bd5
34. Bf1 Bc6 35. Bc4 Kf7 36. Bc7 b5 37. Bd3 b4 38. axb4 axb4 39. Be5 b3 40. h3
h5 41. Kf1 g5 42. Ke1 h4 43. f4 g4 44. gxh4 gxh3 45. f5 Be4 46. Bc4 b2 47.
fxe6+ Ke7 48. Ba2 Ng4 49. Bg3 b1=Q+ 50. Bxb1 Bxb1 51. Kf1 Kxe6 52. Kg1 Kf5 53.
h5 Kg5 54. h6 Kxh6 55. Bb8 Kg5 56. Bc7 Kf5 57. Bb8 Ba2 58. Bc7 Be6 59. Bb8 Nf6
60. Bc7 Kg4 61. Bb8 Ne4 62. Bc7 Kf3 63. Bb6 Ke2 64. Bc7 Nd2 65. Bb8 Nf3+ 66.
Kh1 Ke1 67. Bc7 Bc4 0-1

[Event "Magistral Internacional CXG 2007"]
[Site "Rio de Janeiro BRA"]
[Date "2007.09.10"]
[Round "4.5"]
[White "Galego, Luis"]
[Black "Rodi, Luis Ernesto"]
[Result "1-0"]
[WhiteElo "2524"]
[BlackElo "2311"]
[PlyCount "71"]
[EventDate "2007.09.05"]
[EventType "tourn"]
[EventRounds "1"]
[EventCountry "BRA"]
[EventCategory "2"]
[Source "lmi"]
[SourceDate "2007.09.06"]

1. c4 f5 2. Nc3 Nf6 3. d3 d6 4. e4 Nc6 5. Nge2 g6 6. Bg5 Bg7 7. exf5 Bxf5 8.
Ng3 Bd7 9. d4 Ng4 10. f3 Nh6 11. d5 Ne5 12. Qd2 Nef7 13. Be3 Nf5 14. Nxf5 Bxf5
15. Be2 c5 16. h4 Qa5 17. h5 g5 18. g4 Bd7 19. h6 Be5 20. Ne4 Qxd2+ 21. Kxd2
Bxb2 22. Rab1 Ba3 23. Nxg5 Bb4+ 24. Kc2 Rb8 25. Nxf7 Kxf7 26. Bd3 Ba4+ 27. Kc1
b5 28. g5 bxc4 29. Bxc4 Bc3 30. Bd3 Rxb1+ 31. Bxb1 e5 32. Rg1 Ke7 33. Bxh7 Bd4
34. Bxd4 cxd4 35. Be4 Rc8+ 36. Kb2 1-0

[Event "Magistral Internacional CXG 2007"]
[Site "Rio de Janeiro BRA"]
[Date "2007.09.10"]
[Round "5.3"]
[White "Chauca, Jose Luis Murga"]
[Black "Kubrusly, Jose Cristovam S."]
[Result "1-0"]
[WhiteElo "2133"]
[BlackElo "2247"]
[PlyCount "105"]
[EventDate "2007.09.05"]
[EventType "tourn"]
[EventRounds "1"]
[EventCountry "BRA"]
[EventCategory "2"]
[Source "lmi"]
[SourceDate "2007.09.06"]

1. e4 e6 2. d4 d5 3. Nd2 c5 4. Ngf3 Nc6 5. exd5 exd5 6. Bb5 Bd6 7. O-O Nge7 8.
dxc5 Bxc5 9. Nb3 Bd6 10. h3 O-O 11. c3 Qc7 12. Nbd4 Bd7 13. Bd3 Nxd4 14. Nxd4
a6 15. Re1 Rfe8 16. Bd2 Rad8 17. Qc2 Ng6 18. a3 Bc5 19. Bg5 Rc8 20. Be3 Bd6 21.
Re2 Qd8 22. Rae1 Bc5 23. Nf3 Bxe3 24. Rxe3 Qf6 25. Rxe8+ Bxe8 26. Bf5 Rd8 27.
Bxg6 hxg6 28. Nd4 Qd6 29. Qd2 Qf6 30. Re3 Bd7 31. Nf3 Be6 32. Qd4 Qxd4 33. Nxd4
Bd7 34. Kf1 Kf8 35. Ke2 Rc8 36. Kd3 Rc4 37. Re5 Rc5 38. b4 f6 39. Re6 Rc7 40.
Rd6 Ke7 41. Rxd5 b6 42. c4 Be8 43. c5 b5 44. Rd6 Ra7 45. Rb6 Bd7 46. Ke4 Kd8
47. Rb8+ Kc7 48. Rg8 Bc6+ 49. Ke3 Bxg2 50. Rxg7+ Kb8 51. Rg8+ Kc7 52. Rxg6 Bd5
53. Rg7+ 1-0

[Event "Magistral Internacional CXG 2007"]
[Site "Rio de Janeiro BRA"]
[Date "2007.09.10"]
[Round "5.4"]
[White "Miranda, Marcio Marcos do Ca"]
[Black "Fernando, Diogo"]
[Result "1/2-1/2"]
[WhiteElo "2294"]
[BlackElo "2438"]
[PlyCount "49"]
[EventDate "2007.09.05"]
[EventType "tourn"]
[EventRounds "1"]
[EventCountry "BRA"]
[EventCategory "2"]
[Source "lmi"]
[SourceDate "2007.09.06"]

1. d4 Nf6 2. c4 e6 3. Nc3 Bb4 4. e3 O-O 5. Nge2 Re8 6. a3 Bf8 7. Ng3 d5 8. Be2
c5 9. dxc5 Bxc5 10. O-O Nc6 11. Qc2 d4 12. Nce4 Nxe4 13. Nxe4 Bb6 14. Rd1 f5
15. Ng3 Qe7 16. e4 f4 17. Bxf4 Rf8 18. Qd2 Na5 19. c5 Nb3 20. Bd6 Qxd6 21. cxd6
Nxd2 22. Rxd2 e5 23. Bc4+ Kh8 24. Bd5 Rb8 25. Ne2 1/2-1/2

[Event "Magistral Internacional CXG 2007"]
[Site "Rio de Janeiro BRA"]
[Date "2007.09.15"]
[Round "5.5"]
[White "Brunner, Alfonso"]
[Black "Maia, Marco Aurelio Ferre"]
[Result "1/2-1/2"]
[WhiteElo "2096"]
[BlackElo "2140"]
[PlyCount "137"]
[EventDate "2007.09.05"]
[EventType "tourn"]
[EventRounds "1"]
[EventCountry "BRA"]
[EventCategory "2"]
[Source "lmi"]
[SourceDate "2007.09.06"]

1. e4 c5 2. Nf3 d6 3. d4 cxd4 4. Nxd4 Nf6 5. Nc3 a6 6. Be3 e6 7. f3 Be7 8. Qd2
O-O 9. g4 Nc6 10. h4 Nxd4 11. Bxd4 Nd7 12. Qf2 b5 13. O-O-O Bb7 14. Kb1 Qc7 15.
Qd2 Ne5 16. Bxe5 dxe5 17. Qd7 Rac8 18. Qxc7 Rxc7 19. a3 Rfc8 20. Bd3 b4 21.
axb4 Bxb4 22. Na2 Ba5 23. Nc1 Bb6 24. c3 Kf8 25. Be2 Ke7 26. Rd3 f5 27. gxf5
exf5 28. exf5 e4 29. Rdd1 exf3 30. Bd3 f2 31. Rh2 Rd8 32. Kc2 Rcd7 33. Rf1 Bf3
34. Rhxf2 Bxf2 35. Rxf2 Bb7 36. f6+ gxf6 37. Bxh7 Rh8 38. Bf5 Rd6 39. Rh2 Bc8
40. Bg6 f5 41. Re2+ Kf6 42. h5 Bb7 43. Rd2 Be4+ 44. Kd1 Bf3+ 45. Kc2 Rxd2+ 46.
Kxd2 Bxh5 47. Bxh5 Rxh5 48. Nd3 Kg5 49. Ke3 Rh3+ 50. Kd4 Rh4+ 51. Kc5 f4 52. b4
Rh3 53. Kd4 Rh6 54. c4 Kg4 55. c5 f3 56. Kd5 Rh8 57. Ne5+ Kf4 58. Nxf3 Kxf3 59.
c6 Rd8+ 60. Kc5 Ke4 61. c7 Rd1 62. Kb6 Rc1 63. Kb7 Kd5 64. c8=Q Rxc8 65. Kxc8
Kc6 66. Kb8 Kb6 67. Ka8 Kc6 68. Ka7 Kb5 69. Kb7 1/2-1/2

[Event "Magistral Internacional CXG 2007"]
[Site "Rio de Janeiro BRA"]
[Date "2007.09.11"]
[Round "6.2"]
[White "Fernando, Diogo"]
[Black "Brunner, Alfonso"]
[Result "1-0"]
[WhiteElo "2438"]
[BlackElo "2096"]
[PlyCount "47"]
[EventDate "2007.09.05"]
[EventType "tourn"]
[EventRounds "1"]
[EventCountry "BRA"]
[EventCategory "2"]
[Source "lmi"]
[SourceDate "2007.09.06"]

1. e4 e5 2. Nf3 Nc6 3. Bb5 Nf6 4. d3 d6 5. O-O Be7 6. c3 a6 7. Ba4 O-O 8. Re1
b5 9. Bc2 Bg4 10. Nbd2 Qd7 11. h3 Bh5 12. Nf1 Bg6 13. Ng3 Nh5 14. Nxe5 dxe5 15.
Nxh5 Rad8 16. Ng3 Bh4 17. Be3 Kh8 18. Qf3 f5 19. Nxf5 Bxf5 20. exf5 Rxf5 21.
Qe4 Be7 22. d4 g6 23. dxe5 Rxe5 24. Bd4 1-0

[Event "Magistral Internacional CXG 2007"]
[Site "Rio de Janeiro BRA"]
[Date "2007.09.11"]
[Round "6.3"]
[White "Kubrusly, Jose Cristovam S."]
[Black "Miranda, Marcio Marcos do Ca"]
[Result "1/2-1/2"]
[WhiteElo "2247"]
[BlackElo "2294"]
[PlyCount "57"]
[EventDate "2007.09.05"]
[EventType "tourn"]
[EventRounds "1"]
[EventCountry "BRA"]
[EventCategory "2"]
[Source "lmi"]
[SourceDate "2007.09.06"]

1. d4 Nf6 2. c4 e6 3. Nf3 b6 4. g3 Bb4+ 5. Bd2 a5 6. Bg2 Ba6 7. Bxb4 axb4 8.
Qb3 Qe7 9. O-O O-O 10. Nbd2 Nc6 11. Rfc1 Ra7 12. e3 Bb7 13. Qc2 Rfa8 14. b3 d6
15. e4 e5 16. d5 Nb8 17. Ne1 c5 18. Nd3 Bc8 19. f4 Ng4 20. Re1 f6 21. Nf3 Bd7
22. h3 Nh6 23. f5 Ra3 24. Nc1 Na6 25. Bf1 Nc7 26. Bd3 Kh8 27. Kh2 Nf7 28. Qe2
Qe8 29. Rb1 1/2-1/2

[Event "Magistral Internacional CXG 2007"]
[Site "Rio de Janeiro BRA"]
[Date "2007.09.11"]
[Round "6.4"]
[White "Galego, Luis"]
[Black "Chauca, Jose Luis Murga"]
[Result "1-0"]
[WhiteElo "2524"]
[BlackElo "2133"]
[PlyCount "63"]
[EventDate "2007.09.05"]
[EventType "tourn"]
[EventRounds "1"]
[EventCountry "BRA"]
[EventCategory "2"]
[Source "lmi"]
[SourceDate "2007.09.06"]

1. e4 c5 2. Nf3 e6 3. Nc3 a6 4. g3 b5 5. Bg2 Bb7 6. d3 d6 7. O-O Be7 8. a3 Nf6
9. Ng5 Qc7 10. f4 h6 11. Nh3 Nbd7 12. Qe2 O-O-O 13. Bd2 Nb6 14. a4 b4 15. a5
Nbd7 16. Nd1 Nb8 17. c3 bxc3 18. bxc3 Nc6 19. Ne3 d5 20. Nf2 Nxa5 21. exd5 exd5
22. Rfb1 Nc6 23. Bh3+ Rd7 24. Nfg4 Kd8 25. Ne5 Nxe5 26. fxe5 Nh7 27. c4 Ke8 28.
Qg4 Nf8 29. Qxg7 Rh7 30. Bxd7+ Qxd7 31. Qg4 Ne6 32. cxd5 1-0

[Event "Magistral Internacional CXG 2007"]
[Site "Rio de Janeiro BRA"]
[Date "2007.09.11"]
[Round "6.5"]
[White "Rodi, Luis Ernesto"]
[Black "Lima, Darcy"]
[Result "1-0"]
[WhiteElo "2311"]
[BlackElo "2463"]
[PlyCount "191"]
[EventDate "2007.09.05"]
[EventType "tourn"]
[EventRounds "1"]
[EventCountry "BRA"]
[EventCategory "2"]
[Source "lmi"]
[SourceDate "2007.09.06"]

1. e4 g6 2. d4 Bg7 3. c3 d6 4. Bc4 e6 5. Bb3 Ne7 6. h4 h6 7. h5 g5 8. f4 gxf4
9. Bxf4 Nd7 10. Nd2 b6 11. Qf3 Bb7 12. O-O-O Nc6 13. Qg3 Bf8 14. Bxe6 Qe7 15.
Bf5 O-O-O 16. Qd3 Kb8 17. g4 Qe8 18. Ngf3 Nde5 19. Qe2 Nxf3 20. Nxf3 Ne7 21.
Rhe1 Nxf5 22. gxf5 Qa4 23. Kb1 Bg7 24. Qc2 Qd7 25. Nd2 Rhe8 26. Rg1 Bf8 27. d5
Qe7 28. Qd3 c6 29. c4 Ka8 30. Qc3 Qh4 31. Qf3 Qf6 32. Nb3 Bg7 33. Rd2 c5 34.
Nc1 Ba6 35. Qd3 Bh8 36. Ne2 Qh4 37. Bxh6 Qxe4 38. Qxe4 Rxe4 39. b3 Bc8 40. Rf1
Be5 41. Kc1 Re8 42. Bf4 Rxe2 43. Rxe2 Bxf4+ 44. Kd1 Be5 45. Ref2 Rh8 46. Rh1
Rh6 47. Ke2 Kb8 48. Kd3 Kc7 49. Ke4 Kd8 50. Rg2 Ke7 51. Rg8 Bd7 52. Ra8 Kf6 53.
Rxa7 Bxf5+ 54. Kf3 Rh7 55. Rb7 Rg7 56. Rxb6 Rg3+ 57. Kf2 Rc3 58. a4 Be4 59. Rd1
Bf4 60. Rf1 Ke5 61. Rb7 Rc2+ 62. Ke1 Rc1+ 63. Ke2 Bd3+ 64. Kxd3 Rxf1 65. Rxf7
Rf3+ 66. Kc2 Kd4 67. h6 Rc3+ 68. Kb2 Bxh6 69. Rf1 Bg7 70. a5 Re3 71. Ka3 Re7
72. Rf3 Re1 73. Ka4 Ke4 74. Rh3 Bf6 75. Kb5 Ra1 76. Rh6 Bd8 77. Rxd6 Rxa5+ 78.
Kc6 Bg5 79. Re6+ Kd4 80. d6 Ra6+ 81. Kb5 Ra3 82. Rg6 Rxb3+ 83. Kc6 Bd8 84. Rg4+
Ke5 85. Kxc5 Rd3 86. Rg8 Bh4 87. Re8+ Kf6 88. Kc6 Kf7 89. Re4 Bg3 90. c5 Bh2
91. Kd7 Rc3 92. c6 Rd3 93. Re7+ Kf6 94. Re6+ Kf5 95. c7 Rc3 96. Re8 1-0